Capitales d'Asie les plus devinées sur Jetpunk - Statistiques

Statistiques générales
  • Ce quiz a été pris 73 fois
  • Le résultat moyen est 6 sur 10
Statistiques - réponses
% Capitales % Correct
94% Pékin
97%
93% Tokyo
94%
91% Séoul
81%
87% New Delhi
78%
75% Jakarta
66%
79% Ankara
51%
74% Bagdad
45%
83% Jérusalem
43%
80% Singapour
31%
78% Kaboul
27%
Aucun quiz correspondant
Distribution des résultats
% des personnes avec chaque résultat
Percentile par nombre de réponses
Votre historique - résultats
Vous n’avez pas pris ce quiz